1244 1272 1783 1521 1723 1657 1915 1500 1024 1795 1719 1864 1563 1172 1929 1458 1564 1553 1502 1841 1079 1060 1078 1597 1427 1067 1804 1515 1511 1228 1835 1613 1416 1745 1239 1143 1082 1312 1765 1263 1301 1338 1261 1472 1540 1212 1385 1774 1992 1719 1103 1549 1066 1346 1770 1022 1940 1175 1213 1973 1346 1128 1010 1533 1420 1232 1114 1709 1641 1011 1665 1481 1393 1805 1303 1360 1964 1381 1389 1976 1165 1332 1988 1461 1097 1039 1505 1366 1176 1505 1949 1129 1352 1886 1425 1551 1068 1871 1925 BCNSPRNW ULIB Ver.6.0+V

เปลี่ยนเป็นภาษาไทย

Change to English
 แสดงรายละเอียดบรรณานุกรม
  กลับหน้าหลัก

Brief Record : Get Marc (ISO 2709) : E-mail record : QR code < ปิดหน้าต่าง
LEADER : 00000nas 2200000uu 4500
001    13399123143
003     ULIB
008    020711s|||| th a 000 0 tha d
022    16865081
110    วิทยาลัยพยาบาลพระจอมเกล้า เพชรบุรี
245    วารสารการพยาบาลและกระทรวงสาธารณสุข วิทยาลัยเครือข่ายภาคกลาง 2(วิทยาเขตนครสวรรค์)/^cวิทยาลัยพยาบาลพระจอมเกล้า เพชรบุรี
260    เพชรบุรี :^bวิทยาลัยพยาบาลพระจอมเกล้า เพชรบุรี,^cม.ป.ป.
310    ^aราย 6 เดือน
850 ^a ULIB:campus^bปีที่ 9 ฉบับที่ 2 ;ปีที่ 10 ฉบับที่ 1
945    ^p0^l0^i800853
945    ^p0^l0^i800854
รายการนี้ยังไม่มีแท็ก
คุณยังไม่ได้ล็อกอิน คุณสามารถมีกิจกรรมร่วมกับเว็บไซต์ได้ แต่ต้องล็อกอินก่อน ::
  ล็อกอิน

รายการสื่อสารสนเทศ (วารสาร)

ดูแบบ: กล่อง รายการ
ARRIVED
ปีที่ 9 ฉบับที่ 2
สถานที่: ห้องสมุดวิทยาเขตนครสวรรค์ >วารสาร
ARRIVED
ปีที่ 10 ฉบับที่ 1
สถานที่: ห้องสมุดวิทยาเขตนครสวรรค์ >วารสาร

BibComment


ยังไม่เคยถูกคอมเมนท์

คอมเมนท์ทรัพยากรรายการนี้
  คอมเมนท์: วารสารการพยาบาลแล..


 Copyright 2026. Bcnsprnw @Library